| 000 | nam a22 a 4500 | ||
|---|---|---|---|
| 999 |
_c4366 _d4366 |
||
| 003 | AKMAL | ||
| 005 | 20170529110327.0 | ||
| 008 | 170529s1999 my l 00 eng d | ||
| 020 |
_a9678910101 (pbk.): _cRM 15.00 |
||
| 082 | 0 | 4 |
_a345.59505 CRI _221 |
| 090 | 0 | 0 |
_a345.59505 _bCRI |
| 110 | 1 |
_aMalaysia _9400 |
|
| 240 | 1 | 0 |
_aKanun Prosedur Jenayah. _lEnglish |
| 245 | 1 | 0 |
_aCriminal Procedure Code (Act 593) : _bas at 15th September 1999 / _ccompiled by Legal Research Board |
| 260 |
_aKuala Lumpur : _bInternational Law Book Services, _c1999 |
||
| 300 | 0 | 0 |
_a239p. ; _c24cm |
| 650 | 0 |
_aCriminal procedure _zMalaysia _93883 |
|
| 650 | 0 |
_aCriminal law _zMalaysia _93716 |
|
| 710 | 2 |
_aLembaga Penyelidikan Undang-Undang _98511 |
|
| 942 |
_2ddc _cBOOK |
||